000 00347nam a2200133Ia 4500
008 151001s9999||||xx |||||||||||||| ||und||
100 _a नीलाभ
245 _aआजादी का तीर्थ
250 _a1
260 _bप्वाइंट प्रकाशन
260 _c2007
300 _a55
365 _b21
999 _c989214
_d989211